000 00604nam a22002177a 4500
008 150410b xxu||||| |||| 00| 0 eng d
020 _a9780072263862
020 _a0072263865
041 0 _aeng
080 _a004
100 1 _aHolmes, James.
245 1 0 _aStruts
_cJames Holmes.
250 _a2nd ed.
260 _aNew York :
_bMcGraw-Hill,
_c2007.
300 _a528 f.:
_bme il.;
_c24 cm.
505 _aIndex: f.517-528
650 0 _aKompjuterët
650 0 _aGjuha programuese
700 1 _aSchildt, Herbert.
942 _2udc
_cBK
999 _c671
_d671